[Event "Eq:Fair play-Royal Kids :"]
[Site "www.echecsemail.com"]
[Date "2026.01.12"]
[Round "1"]
[White "Warriorette"]
[Black "Uliczny"]
[WhiteElo "2100"]
[BlackElo "1700"]
[Result "1-0"]
1.e4 e5
2.Ng1f3 Ng8f6
3.Nf3xe5 d6
4.Ne5f3 Nf6xe4
5.d4 d5
6.Nf3e5 Bf8d6
7.Bf1d3 O-O
8.O-O c6
9.Nb1d2 Ne4xd2
10.Bc1xd2 Bd6xe5
11.dxe5 Bc8e6
12.Qd1h5 g6
13.Qh5h6  { temps }1-0

[Event "Tournoi n27372"]
[Site "www.echecsemail.com"]
[Date "2026.01.12"]
[Round "1"]
[White "Verson"]
[Black "Gognol"]
[WhiteElo "1830"]
[BlackElo "1900"]
[Result "0-1"]
1.d4 d5
2.Ng1f3 Nb8c6
3.e3 a6
4.Bf1d3 g6
5.c3 Ng8f6
6.Nb1d2 h6
7.O-O Qd8d6
8.e4 dxe4
9.Nd2xe4 Nf6xe4
10.Bd3xe4 Bf8g7
11.Bc1e3 Bc8e6
12.Qd1d2 Be6d5
13.Be4xd5 Qd6xd5
14.b3 Ra8d8
15.Rf1e1 Qd5h5
16.Qd2e2 Qh5a5
17.Qe2c2 O-O
18.Ra1d1 e6
19.Rd1d3 g5
20.b4 Qa5d5
21.a3 Qd5f5
22.Rd3d2 Qf5f6
23.Re1d1 Qf6e7
24.d5 Nc6e5
25.Be3c5 Qe7f6
26.Bc5xf8 Rd8xf8
27.Nf3xe5 Qf6xe5
28.dxe6 Qe5xe6
29.Rd2e2 Qe6c6
30.c4 Bg7f6
31.c5 Qc6b5
32.Qc2b3 Qb5xe2
33.Qb3d3 Qe2h5
34.h3 Rf8d8
{ abandon }0-1

[Event "Défi( 10J+24H/c 10J Max )"]
[Site "www.echecsemail.com"]
[Date "2026.01.12"]
[Round "1"]
[White "Ziviol"]
[Black "Jlr"]
[WhiteElo "1410"]
[BlackElo "1350"]
[Result "1-0"]
1.c3 d5
2.d4 c6
3.h3 h6
4.e3 g5
5.Bf1d3 Ng8f6
6.Ng1f3 g4
7.hxg4 Bc8xg4
8.Bd3e2 Bf8g7
9.O-O Nf6e4
10.Nf3h4 f5
11.Nh4g6 Rh8h7
12.Ng6f4 Qd8d6
13.Be2xg4 fxg4
14.Qd1xg4 Ne4f6
15.Qg4g6 Kd7
16.Qg6f5 Kc7
17.Nf4e6 Kb6
18.Ne6c5 Kb5
19.Nb1a3 Kb6
20.c4 Rh7h8
21.Nc5a4 Ka6
22.Na4c5 Kb6
23.b3 Kc7
24.Nc5e6 Kb6
25.c5 Qd6xc5
26.Ne6xc5 Ka5
27.Bc1d2 Kb6
28.Nc5a4 Ka6
29.Na4c5 Kb6
30.e4 dxe4
31.Na3c4 Kc7
32.Nc5e6 { abandon }1-0

[Event "Défi"]
[Site "www.echecsemail.com"]
[Date "2026.01.12"]
[Round "1"]
[White "Tiounet"]
[Black "Alain34"]
[WhiteElo "1620"]
[BlackElo "2120"]
[Result "0-1"]
1.a3 d5
2.b4 e6
3.Bc1b2 Ng8f6
4.g3 c5
5.bxc5 Bf8xc5
6.e3 O-O
7.Bf1g2 Nb8d7
8.Ng1e2 Nd7b6
9.O-O Bc8d7
10.d3 Qd8e7
11.Nb1d2 Nb6a4
12.Bb2d4 Bc5xa3
13.Bd4xf6 gxf6
14.Nd2b3 Ra8c8
15.Nb3d4 Rc8c7
16.Ne2f4 Kh8
17.c4 dxc4
18.dxc4 Na4b2
19.Qd1b3 Nb2xc4
20.Nd4b5 Bd7xb5
21.Qb3xb5 a6
22.Qb5h5 Rf8g8
23.Qh5h4 Ba3b2
24.Ra1a4 Nc4d6
25.Nf4h5 Nd6f5
26.Qh4xf6 Bb2xf6
27.Nh5xf6 Qe7xf6
{ abandon }0-1

[Event "Transval"]
[Site "www.echecsemail.com"]
[Date "2026.01.12"]
[Round "1"]
[White "Turbo"]
[Black "Karting"]
[WhiteElo "1400"]
[BlackElo "1590"]
[Result "0-1"]
1.e4 e5
2.Ng1f3 Nb8c6
3.Bf1c4 Bf8c5
4.O-O d6
5.d3 Bc8e6
6.b3 a6
7.Bc4xe6 fxe6
8.c4 Ng8f6
9.h3 Bc5a7
10.Bc1g5 O-O
11.Nb1d2 Qd8e8
12.Bg5xf6 Rf8xf6
13.h4 Nc6d4
14.Nf3xd4 Ba7xd4
15.Ra1c1 Qe8g6
16.g3 Qg6xg3
17.Kh1 Qg3h3
18.Kg1 Rf6g6
{ abandon }0-1

[Event "Coupe Niveau 8"]
[Site "www.echecsemail.com"]
[Date "2026.01.12"]
[Round "1"]
[White "Breitenbach"]
[Black "Orosco"]
[WhiteElo "2250"]
[BlackElo "2270"]
[Result "0-1"]
1.e4 c5
2.Ng1f3 g6
3.c3 Bf8g7
4.d4 cxd4
5.cxd4 d5
6.e5 Bc8g4
7.Bf1b5 Nb8c6
8.O-O Bg4xf3
9.Qd1xf3 Ng8h6
10.Nb1d2 O-O
11.Bb5xc6 bxc6
12.Nd2b3 a5
13.Nb3c5 Nh6f5
14.Qf3c3 e6
15.f4 h5
16.Bc1d2 Qd8e7
17.Bd2e1 Rf8b8
18.a3 Qe7a7
19.Ra1c1 Bg7f8
20.Be1f2 Bf8xc5
21.dxc5 a4
22.g3 Rb8b3
23.Qc3d2 Ra8b8
24.Rc1c2 Qa7a6
25.Rf1d1 Qa6b5
26.Bf2d4 h4
27.g4 Nf5xd4
28.Qd2xd4 Rb3xb2
29.Rc2xb2 Qb5xb2
30.Qd4xb2 Rb8xb2
31.Rd1d4 h3
32.g5 Rb2g2
33.Kh1 Rg2a2
{ abandon }0-1

[Event "Tournoi n27351"]
[Site "www.echecsemail.com"]
[Date "2026.01.12"]
[Round "1"]
[White "Tiounet"]
[Black "Brettsinclair"]
[WhiteElo "1670"]
[BlackElo "1880"]
[Result "0-1"]
1.a3 e5
2.b4 d5
3.Bc1b2 Bf8d6
4.Ng1f3 Qd8e7
5.g3 Ng8f6
6.Bf1g2 O-O
7.O-O a5
8.b5 Nb8d7
9.a4 Nd7b6
10.d3 Bc8d7
11.Nb1d2 c6
12.bxc6 Bd7xc6
13.e3 Nb6xa4
14.Bb2c1 b5
15.c4 bxc4
16.dxc4 Na4c3
17.Qd1e1 Bd6b4
18.Bc1b2 Nc3e4
19.Bb2xe5 Ne4xd2
20.Be5xf6 Qe7xf6
21.Nf3xd2 dxc4
22.Bg2xc6 Qf6xc6
23.Qe1c1 Bb4xd2
24.Qc1xd2 a4
25.Rf1c1 h5
26.Qd2b4 Rf8c8
27.h4 c3
28.Qb4d4 c2
29.Ra1a2 Rc8d8
30.Qd4b2 Rd8d1
{ abandon }0-1

[Event "Eq:modesty-au plaisir du jeux  :"]
[Site "www.echecsemail.com"]
[Date "2026.01.12"]
[Round "1"]
[White "Tolia59"]
[Black "Jetjet91330"]
[WhiteElo "2110"]
[BlackElo "2110"]
[Result "0-1"]
1.e4 e5
2.Ng1f3 Nb8c6
3.d4 exd4
4.Bf1c4 Bf8c5
5.c3 Ng8f6
6.e5 d5
7.exf6 dxc4
8.Qd1e2 Bc8e6
9.fxg7 Rh8g8
10.cxd4 Nc6xd4
11.Nf3xd4 Bc5xd4
12.O-O Qd8f6
13.Rf1e1 O-O-O
14.Bc1e3 Qf6xg7
15.g3 Bd4xb2
{ abandon }0-1

[Event "Coupe Niveau 7"]
[Site "www.echecsemail.com"]
[Date "2026.01.12"]
[Round "1"]
[White "Abc47"]
[Black "Darkknight99"]
[WhiteElo "2180"]
[BlackElo "1980"]
[Result "0-1"]
1.e4 e6
2.d4 d5
3.e5 c5
4.c3 Qd8b6
5.Ng1f3 Bc8d7
6.Bf1e2 cxd4
7.cxd4 Bd7b5
8.O-O Bb5xe2
9.Qd1xe2 Nb8c6
10.Nb1c3 Ng8e7
11.Nc3a4 Qb6c7
12.Bc1e3 Ne7f5
13.Ra1c1 Bf8e7
14.Na4c5 O-O
15.b4 a6
16.a4 Be7xc5
17.Rc1xc5 Qc7b6
18.b5 Nc6xd4
19.Nf3xd4 Nf5xe3
20.Qe2xe3 Qb6xc5
21.Rf1c1 Qc5b4
22.h4 Qb4xa4
23.h5 h6
24.g4 Ra8c8
25.Rc1e1 Rc8c4
{ abandon }0-1

[Event "Tournoi n27376"]
[Site "www.echecsemail.com"]
[Date "2026.01.12"]
[Round "1"]
[White "Verson"]
[Black "Tiounet"]
[WhiteElo "1860"]
[BlackElo "1650"]
[Result "1-0"]
1.d4 b5
2.Ng1f3 Bc8b7
3.e3 a6
4.Bf1d3 g6
5.Nb1d2 Bf8g7
6.O-O Ng8f6
7.c3 O-O
8.e4 d6
9.Rf1e1 Nb8d7
10.Nd2f1 Ra8c8
11.h3 c5
12.Bc1e3 Nf6xe4
13.dxc5 Ne4xc5
14.Bd3c2 Nc5e4
15.Nf1d2 Ne4f6
16.Be3d4 Nd7c5
17.Qd1e2 Rf8e8
18.Ra1d1 Qd8c7
19.Bd4xf6 Bg7xf6
20.Nd2e4 Nc5xe4
21.Bc2xe4 Bb7xe4
22.Qe2xe4 Qc7c4
23.Nf3d2 Qc4xe4
24.Nd2xe4 Bf6e5
25.g3 Rc8c4
26.Rd1d5 Re8c8
27.Ne4d2 Rc4c5
28.Rd5xc5 Rc8xc5
29.f4 Be5f6
30.Nd2e4 Rc5d5
31.Ne4xf6 exf6
32.Kf2 Rd5d2
33.Re1e2 Rd2xe2
34.Kxe2 f5
35.Kd3 Kg7
36.Kd4 Kf6
37.Kd5 Ke7
38.b3 Kd7
39.c4 bxc4
40.Kxc4 Kc6
41.Kd4 h6
42.a3 f6
43.a4 a5
44.Kc4 d5
45.Kd4 g5
46.fxg5 hxg5
47.h4 gxh4
48.gxh4 f4
49.h5 f3
50.Ke3 f2
51.Kxf2 d4
52.h6 { abandon }1-0

[Event "Défi"]
[Site "www.echecsemail.com"]
[Date "2026.01.12"]
[Round "1"]
[White "Petain"]
[Black "Jmr"]
[WhiteElo "1710"]
[BlackElo "1550"]
[Result "1-0"]
1.e4 e5
2.Ng1f3 Nb8c6
3.a3 Ng8f6
4.Nb1c3 Bf8e7
5.Bf1c4 h6
6.d3 O-O
7.h3 a6
8.O-O Rf8e8
9.b4 b5
10.Bc4a2 Bc8b7
11.Bc1e3 Be7f8
12.Nf3h2 Nc6b8
13.f4 d5
14.exd5 Nf6xd5
15.Qd1d2 Nd5xc3
16.Qd2xc3 Bb7d5
17.fxe5 Bd5xa2
18.Ra1xa2 Nb8c6
19.Qc3xc6 { abandon }1-0

[Event "Noël 2025 n4"]
[Site "www.echecsemail.com"]
[Date "2026.01.12"]
[Round "1"]
[White "Morphy6"]
[Black "Patau"]
[WhiteElo "2060"]
[BlackElo "1710"]
[Result "1-0"]
1.e4 e5
2.Ng1f3 c6
3.Bf1e2 d5
4.d3 dxe4
5.dxe4 Qd8xd1
6.Be2xd1 Bf8d6
7.c4 Nb8d7
8.a3 Ng8f6
9.Nb1c3 h6
10.b4 O-O
11.Bc1b2 Rf8e8
12.O-O Nd7f8
13.c5 Bd6c7
14.h3 Bc8e6
15.Bd1c2 Be6c4
16.Rf1e1 Nf8e6
17.Nf3d2 Bc4a6
18.a4 b6
19.b5 cxb5
20.axb5 Ba6c8
21.c6 Ne6d4
22.Bc2d3 Bc8e6
23.Ra1a4 Nd4b3
24.Nd2xb3 Be6xb3
25.Ra4b4 Bb3e6
26.Bd3c4 Be6xc4
27.Rb4xc4 Re8d8
28.Re1a1 Rd8d2
29.Bb2a3 a5
30.Ba3e7 Ra8e8
31.Be7xf6 gxf6
32.Nc3d5 Re8c8
33.Nd5e7 Kf8
34.Ne7xc8 Ke8
35.Nc8xb6 { abandon }1-0

[Event "Défi"]
[Site "www.echecsemail.com"]
[Date "2026.01.12"]
[Round "1"]
[White "Kaspy"]
[Black "Berjay"]
[WhiteElo "1810"]
[BlackElo "1720"]
[Result "1-0"]
1.e4 e5
2.Ng1f3 Nb8c6
3.Bf1c4 Ng8f6
4.Nb1c3 Bf8c5
5.h3 O-O
6.O-O d6
7.a3 Nf6h5
8.Nf3xe5 Nh5f6
9.Ne5xc6 bxc6
10.d3 d5
11.exd5 cxd5
12.Bc4a2 c6
13.Nc3e2 Bc5b6
14.Bc1g5 Bb6c5
15.c3 Bc5e7
16.Ne2d4 Bc8d7
17.Nd4f3 Qd8c7
18.d4 Rf8e8
19.Nf3e5 Ra8b8
20.Qd1c2 Nf6e4
21.Bg5xe7 Re8xe7
22.Ne5xd7 Qc7xd7
23.Ra1d1 Rb8e8
24.Rf1e1 Re7e6
25.Ba2b1 Re6g6
26.Re1e3 f5
27.f3 f4
28.Re3e1 Ne4g3
29.Qc2d2 Rg6g5
30.Qd2xf4 h6
31.Qf4d2 Ng3h5
32.Re1xe8 Qd7xe8
33.Qd2d3 Nh5f4
34.Qd3h7 Kf8
35.Qh7h8 Ke7
36.Qh8xe8 Kxe8
37.Rd1d2 Nf4xh3
38.Kf1 Nh3f4
39.g4 h5
40.gxh5 Rg5xh5
41.Bb1c2 g5
42.Bc2f5 a5
43.Bf5g4 Rh5h1
44.Kf2 Rh1h2
45.Ke3 Rh2h1
46.Rd2c2 Ke7
47.c4 Kd6
48.b3 Rh1b1
49.Rc2c3 Rb1b2
50.cxd5 Kxd5
51.Rc3c5 Kd6
52.Rc5xg5 Nf4d5
53.Ke4 Rb2xb3
54.Rg5g6 Kc7
55.Rg6g7 Kb6
56.Bg4c8 Kb5
57.Rg7b7 Ka4
58.Rb7xb3 Kxb3
59.Bc8b7 Nd5e7
60.Ke5 Kc4
61.f4 Kb5
62.Kd6 Ne7f5
63.Ke5 Nf5e7
64.f5 Kb6
65.Bb7a8 Kc7
66.f6 Ne7g6
67.Ke6 Ng6f8
68.Ke7 Nf8g6
69.Kf7 Ng6f4
70.Ke8 Kd6
71.Ba8b7 c5
72.dxc5 Kxc5
73.f7 Nf4g6
74.a4 Kb6
75.Bb7c8 Kc7
76.Bc8a6 Kb6
77.Ba6b5 Kc5
78.f8Q Ng6xf8
79.Kxf8 Kb4
80.Ke8 Kc5
81.Kd7 Kb6
82.Kd6 Ka7
83.Kc5 Kb7
84.Bb5c4 Ka7
85.Kb5 Kb7
86.Kxa5 Ka7
87.Kb5 Kb7
88.Bc4d5 Ka7
89.a5 Kb8
90.Kb6 Kc8
91.a6 Kb8
92.a7 { abandon }1-0

[Event "Défi"]
[Site "www.echecsemail.com"]
[Date "2026.01.12"]
[Round "1"]
[White "Marcrode"]
[Black "Patau"]
[WhiteElo "1360"]
[BlackElo "1700"]
[Result "0-1"]
1.e4 e5
2.Ng1f3 c6
3.Nf3xe5 Qd8e7
4.d4 d6
5.Qd1h5 dxe5
6.Qh5xe5 Ng8f6
7.Qe5xe7 Bf8xe7
8.f3 O-O
9.Bc1f4 Bc8e6
10.b3 Rf8d8
11.c3 Nb8a6
12.Bf1xa6 bxa6
13.O-O Nf6h5
14.Bf4e3 Ra8b8
15.g4 Nh5f6
16.Nb1d2 Nf6e8
17.Rf1b1 a5
18.a4 a6
19.c4 Be7b4
20.Nd2f1 Rb8b7
21.Rb1c1 Rd8b8
22.Ra1b1 Bb4a3
23.Rc1c3 Ba3e7
24.Be3f4 Be7d6
25.e5 Bd6b4
26.Rc3c1 h6
27.Nf1g3 Bb4e7
28.Ng3e2 Rb7xb3
29.Ne2c3 Rb3xb1
30.Nc3xb1 Rb8b3
31.Nb1c3 Be6xc4
32.Rc1b1 Rb3xb1
{ abandon }0-1

[Event "Coupe Niveau 3"]
[Site "www.echecsemail.com"]
[Date "2026.01.12"]
[Round "1"]
[White "Tartu"]
[Black "Verson"]
[WhiteElo "1750"]
[BlackElo "1860"]
[Result "1/2-1/2"]
1.e4 e6
2.d4 d5
3.Nb1c3 dxe4
4.Nc3xe4 Nb8d7
5.Ng1f3 Ng8f6
6.Bc1g5 Bf8e7
7.Bf1d3 O-O
8.Bg5xf6 Nd7xf6
9.O-O b6
10.Rf1e1 Bc8b7
11.c3 Nf6xe4
12.Bd3xe4 Bb7xe4
13.Re1xe4 Be7f6
14.h3 Qd8d5
15.Re4e2 Rf8d8
16.Qd1c2 c5
17.dxc5 Qd5xc5
18.Ra1d1 Rd8xd1
19.Qc2xd1 Ra8d8
20.Qd1c2 Rd8d5
21.Re2d2 Qc5d6
22.Rd2xd5 Qd6xd5
23.a3 h6
24.Qc2e2 a5
25.g3 b5
26.h4 a4
27.Kh2 e5
28.Nf3d2 Bf6e7
29.Nd2e4 f5
30.Ne4d2 Be7d6
31.c4 bxc4
32.Nd2xc4 e4
33.Nc4e3 Qd5d3
34.Qe2xd3 exd3
35.Kg1 g6
36.Kf1 Bd6e5
37.Ne3c4 Be5d4
38.Ke1 Kf7
39.f3 Ke6
40.g4 fxg4
41.fxg4 h5
42.gxh5 gxh5
43.Kd2 Bd4f6
44.Kxd3 Bf6xh4
45.Ke3 Bh4f6
46.Kf3 Kd5
47.Nc4b6 Kc5
48.Nb6xa4 Kb5
49.b3 Bf6e7
50.Na4c3 Kc5
51.Nc3e4 Kd4
52.a4 Be7b4
53.Kf4 h4
54.Ne4f2 Kc3
{ nul }1/2-1/2

[Event "Défi"]
[Site "www.echecsemail.com"]
[Date "2026.01.12"]
[Round "1"]
[White "Arzbro"]
[Black "Cocola34"]
[WhiteElo "1530"]
[BlackElo "1620"]
[Result "0-1"]
1.d4 d5
2.Nb1c3 c6
3.Ng1f3 f6
4.g3 g5
5.Bf1g2 b5
6.b4 a5
7.Bc1b2 axb4
8.Nc3b1 Bc8b7
9.O-O Nb8d7
10.c3 h5
11.cxb4 Ng8h6
12.a3 Nh6f5
13.e3 g4
14.Nf3e1 Rh8g8
15.Ne1d3 h4
16.gxh4 Nf5xh4
17.Nd3f4 f5
18.Nf4e6 Qd8b8
19.Ne6f4 Qb8d6
20.Nb1c3 Qd6h6
21.Nc3e2 Rg8h8
22.Ne2g3 Nh4xg2
23.Nf4xg2 Qh6xh2
0-1

[Event "Défi"]
[Site "www.echecsemail.com"]
[Date "2026.01.12"]
[Round "1"]
[White "Jlr"]
[Black "Titit1"]
[WhiteElo "1360"]
[BlackElo "1490"]
[Result "0-1"]
1.e4 e5
2.Ng1f3 Nb8c6
3.Bf1c4 h6
4.c3 Ng8f6
5.h3 Bf8c5
6.g4 Nf6xe4
7.d3 Ne4xf2
8.Qd1e2 Nf2xh1
9.d4 Bc5d6
10.g5 Nh1g3
11.Qe2h2 e4
12.Nf3e5 Nc6xe5
13.dxe5 Bd6xe5
14.Qh2f2 O-O
15.g6 Kh8
16.gxf7 d5
17.Bc4xd5 Bc8xh3
18.Bd5xb7 Ra8b8
19.Bb7c6 Qd8d6
20.Bc6xe4 Ng3xe4
21.Qf2e3 Ne4g5
22.Qe3f2 Rf8xf7
23.Qf2xa7 Rb8e8
24.Bc1e3 Be5f4
25.Ke2 Re8xe3
26.Kf2 Ng5e4
27.Kg1 Qd6d1
0-1

[Event "Défi"]
[Site "www.echecsemail.com"]
[Date "2026.01.12"]
[Round "1"]
[White "Tinenfant"]
[Black "Superman"]
[WhiteElo "1870"]
[BlackElo "1790"]
[Result "1-0"]
1.e4 d5
2.exd5 Qd8xd5
3.Nb1c3 Qd5a5
4.d4 c6
5.Bc1d2 Qa5c7
6.Ng1f3 Ng8f6
7.Bf1d3 Bc8g4
8.O-O e6
9.Rf1e1 Bf8d6
10.h3 Bg4xf3
11.Qd1xf3 O-O
12.a3 Nb8d7
13.Bd2e3 b6
14.Ra1c1 Ra8d8
15.Rc1d1 Rf8e8
16.Nc3e4 Nf6xe4
17.Bd3xe4 f5
18.Be4xc6 Re8f8
19.Bc6xd7 Rd8xd7
20.c3 Rd7f7
21.Be3c1 Rf7f6
22.d5 e5
23.b3 e4
24.Qf3e3 Rf6h6
25.Qe3d4 Rh6h5
26.Bc1b2 Rf8f6
27.c4 Rf6g6
28.Kh1 Rh5g5
29.Re1g1 Bd6c5
30.Qd4d2 f4
31.b4 e3
32.fxe3 Bc5xe3
33.Qd2e2 Be3xg1
34.Qe2e8 1-0

[Event "Coupe Niveau 2"]
[Site "www.echecsemail.com"]
[Date "2026.01.12"]
[Round "1"]
[White "Domenico"]
[Black "Patau"]
[WhiteElo "1730"]
[BlackElo "1660"]
[Result "0-1"]
1.e4 e5
2.Bf1c4 c6
3.Ng1f3 d5
4.exd5 cxd5
5.Bc4e2 e4
6.Nf3d4 Nb8c6
7.Be2b5 Bc8d7
8.Bb5xc6 Bd7xc6
9.O-O Qd8b6
10.c3 Ng8f6
11.Nb1a3 Bf8c5
12.Nd4xc6 bxc6
13.c4 d4
14.d3 O-O
15.Bc1g5 exd3
16.Qd1xd3 Rf8e8
17.Qd3g3 Nf6e4
18.Qg3f4 Re8e6
19.Ra1b1 d3
20.Rf1e1 Bc5xf2
21.Kf1 Ne4xg5
22.Re1xe6 Ng5xe6
23.Qf4xf2 Qb6xf2
24.Kxf2 Ra8d8
25.Rb1d1 Ne6c5
26.b4 Nc5e6
27.Ke3 f5
28.Rd1xd3 Rd8xd3
29.Kxd3 Ne6f4
30.Kd4 Nf4xg2
31.Ke5 g6
32.Na3c2 Kf7
33.Nc2d4 f4
34.Ke4 c5
35.bxc5 g5
36.c6 Ke7
37.a4 Ng2e3
38.c5 Ne3c4
39.Kf5 h6
40.Kg6 Nc4e5
41.Kxh6 g4
42.Kg5 f3
43.c7 Kd7
44.Kf4 f2
45.Kxe5 f1Q
{ abandon }0-1

[Event "Eq:Les Rois du Succes-Pirates du Mat :"]
[Site "www.echecsemail.com"]
[Date "2026.01.12"]
[Round "1"]
[White "Luc20"]
[Black "Philou"]
[WhiteElo "1850"]
[BlackElo "1910"]
[Result "1-0"]
1.d4 d5
2.Ng1f3 Ng8f6
3.Bc1f4 Bc8f5
4.e3 e6
5.Nb1d2 Bf8b4
6.c3 Bb4a5
7.Qd1b3 Ba5b6
8.h3 Nb8c6
9.c4 Ra8b8
10.Bf1d3 Bf5xd3
11.Qb3xd3 O-O
12.Nd2b3 dxc4
13.Qd3xc4 Nf6d5
14.Bf4g3 Nc6a5
15.Nb3xa5 Bb6xa5
16.Nf3d2 Nd5f6
17.b4 Ba5b6
18.O-O Rf8e8
19.Rf1c1 Nf6d5
20.a4 a5
21.b5 Rb8c8
22.Nd2e4 Nd5f6
23.Ne4c5 Bb6xc5
24.Qc4xc5 Nf6e4
25.Qc5e5 Ne4xg3
26.Qe5xg3 b6
27.Rc1c6 Re8e7
28.Ra1c1 g6
29.Qg3g5 Kg7
30.h4 h6
31.Qg5e5 f6
32.Qe5e4 h5
33.Rc6xe6 Re7xe6
34.Qe4xe6 Qd8f8
35.Qe6d7 Kh6
36.Rc1xc7 Rc8xc7
37.Qd7xc7 Qf8b4
38.Qc7xb6 Qb4xa4
39.g3 Qa4d1
40.Kg2 Qd1d2
41.Qb6a6 Qd2a2
42.b6 Qa2d5
43.Kg1 Qd5f3
44.Qa6xa5 Qf3d1
45.Kg2 Qd1b1
46.Qa5a6 Qb1e4
47.Kh2 Qe4f3
48.b7 Qf3xf2
49.Kh3 Qf2f5
50.Kg2 Qf5e4
51.Kf2 Qe4f5
52.Ke2 Qf5c2
53.Kf1 Qc2d1
54.Kf2 Qd1c2
55.Qa6e2 Qc2b3
56.Qe2f3 Qb3c2
57.Kg1 Qc2b1
58.Kh2 Qb1c2
59.Qf3g2 Qc2c7
60.Qg2b2 Qc7b8
61.d5 g5
62.Qb2xf6 { abandon }1-0

[Event "Tournoi n27386"]
[Site "www.echecsemail.com"]
[Date "2026.01.12"]
[Round "1"]
[White "Geantvert"]
[Black "Verson"]
[WhiteElo "1850"]
[BlackElo "1870"]
[Result "0-1"]
1.c4 Ng8f6
2.Nb1c3 Nb8c6
3.d4 e6
4.e4 d5
5.e5 Nf6e4
6.c5 Ne4xc3
7.bxc3 Bf8e7
8.Bf1d3 O-O
9.f4 f5
10.Bc1e3 b6
11.cxb6 cxb6
12.Ng1e2 Bc8b7
13.Ne2g3 Be7h4
14.Qd1f3 Ra8c8
15.Ra1c1 Nc6a5
16.Kd2 Na5c4
17.Bd3xc4 Rc8xc4
18.Ng3e2 Rc4a4
19.Rc1c2 Bb7a6
20.Rh1b1 Ba6c4
21.Ne2c1 Bh4e7
22.Nc1b3 b5
23.Be3f2 Ra4a3
24.Kc1 Ra3a6
25.Rb1b2 Be7a3
{ abandon }0-1

[Event "Tournoi n27381"]
[Site "www.echecsemail.com"]
[Date "2026.01.12"]
[Round "1"]
[White "Tartu"]
[Black "Verson"]
[WhiteElo "1740"]
[BlackElo "1870"]
[Result "0-1"]
1.e4 e6
2.d4 d5
3.Nb1c3 dxe4
4.Nc3xe4 Nb8d7
5.Ng1f3 Ng8f6
6.Bf1d3 Nf6xe4
7.Bd3xe4 Nd7f6
8.Be4d3 Bf8e7
9.O-O O-O
10.h3 b6
11.Bc1f4 Bc8b7
12.c3 c5
13.b3 cxd4
14.Nf3xd4 h6
15.Rf1e1 Qd8d5
16.Bd3f1 Be7c5
17.Re1e5 Qd5d7
18.Bf1b5 Qd7c8
19.Qd1g4 a6
20.Qg4e2 axb5
21.Qe2xb5 Bb7a6
22.Qb5c6 Qc8xc6
23.Nd4xc6 Ba6b7
24.Nc6d4 Rf8d8
25.Nd4b5 Nf6d5
26.Bf4g3 Bb7c6
27.Nb5d4 Bc6b7
28.b4 Bc5d6
29.Re5e1 Bd6xg3
30.fxg3 Nd5xc3
31.Nd4f3 Bb7xf3
32.gxf3 Rd8d2
{ abandon }0-1

[Event "Tournoi n27369"]
[Site "www.echecsemail.com"]
[Date "2026.01.12"]
[Round "1"]
[White "Vb83"]
[Black "Wenoketo"]
[WhiteElo "1440"]
[BlackElo "1630"]
[Result "0-1"]
1.d4 d5
2.e3 Ng8f6
3.Ng1f3 Nb8c6
4.Bf1b5 Bc8d7
5.O-O a6
6.Bb5xc6 Bd7xc6
7.h3 e6
8.Nf3e5 Bc6d7
9.Ne5xd7 Qd8xd7
10.Rf1e1 Bf8e7
11.Qd1f3 O-O
12.c4 c6
13.c5 Nf6e4
14.b4 Be7d8
15.a4 Bd8c7
16.a5 h6
17.Nb1d2 Ne4xd2
18.Bc1xd2 Ra8e8
19.e4 dxe4
20.Qf3xe4 Bc7b8
21.g3 Qd7c7
22.Bd2f4 Qc7d7
23.Bf4xb8 Re8xb8
24.f4 Rb8e8
25.h4 Qd7d5
26.Qe4e5 Qd5xe5
27.dxe5 Re8d8
28.Ra1d1 Rd8b8
29.Rd1d6 Rf8c8
30.Re1f1 Kf8
31.f5 exf5
32.Rf1xf5 Rc8e8
33.e6 f6
34.h5 Re8e7
35.g4 Rb8e8
36.g5 hxg5
37.h6 Kg8
38.hxg7 Kxg7
39.Rd6d7 Kg6
40.Rd7xe7 Re8xe7
41.Kg2 Kxf5
{ abandon }0-1

[Event "Tournoi n27311"]
[Site "www.echecsemail.com"]
[Date "2026.01.12"]
[Round "1"]
[White "Lancien57"]
[Black "Legrillon"]
[WhiteElo "1470"]
[BlackElo "1690"]
[Result "0-1"]
1.e4 e5
2.Ng1f3 d6
3.Nb1c3 c6
4.d4 exd4
5.Nf3xd4 Bf8e7
6.Bf1e2 c5
7.Nd4f3 h6
8.Bc1e3 Nb8c6
9.O-O a6
10.Be2c4 Bc8g4
11.h3 Bg4h5
12.Bc4e2 Bh5xf3
13.Be2xf3 Nc6e5
14.Bf3e2 b5
15.Be3f4 Be7f6
16.Nc3d5 Ne5g6
17.Bf4g3 Bf6xb2
18.Ra1b1 Bb2e5
19.Bg3xe5 Ng6xe5
20.Be2f3 Ng8f6
21.Nd5xf6 Qd8xf6
22.Rf1e1 O-O
23.a3 Rf8d8
24.a4 b4
25.Re1e3 Ne5c4
26.Re3d3 Nc4e5
27.Rd3d5 a5
28.c3 bxc3
29.Rb1c1 Ne5c6
30.Rd5f5 Qf6e6
31.Rc1xc3 g6
32.Rf5f4 Nc6e5
33.Bf3g4 Ne5xg4
34.Qd1xg4 Qe6xg4
35.hxg4 Kg7
36.Rc3c4 Ra8b8
37.f3 Rb8b4
38.Rc4c1 Rb4xa4
39.Kh2 Rd8b8
40.Kg3 Ra4a2
41.Rc1g1 a4
42.Rg1d1 Rb8b2
43.Rd1g1 c4
44.e5 c3
45.exd6 c2
46.Rg1c1 Rb2b1
47.Rc1xc2 Ra2xc2
48.Rf4xa4 Rc2d2
49.Ra4a6 Rb1d1
50.d7 Rd2xd7
51.Ra6a3 Rd7d2
52.Kf4 Rd2xg2
53.Ra3e3 Rd1d4
54.Ke5 Rg2d2
55.Re3e4 f6
56.Kf4 Rd4xe4
57.Kxe4 Rd2e2
58.Kd3 Re2e8
59.f4 f5
60.gxf5 gxf5
61.Kd4 h5
62.Kd5 h4
63.Kd6 h3
64.Kd7 Re8e1
65.Kd6 h2
{ abandon }0-1

[Event "TRISTAN DA CUNHA"]
[Site "www.echecsemail.com"]
[Date "2026.01.12"]
[Round "1"]
[White "4x4"]
[Black "Casisimed"]
[WhiteElo "1420"]
[BlackElo "1640"]
[Result "0-1"]
1.e4 e5
2.Ng1f3 Nb8c6
3.Nb1c3 Ng8f6
4.Bf1c4 Bf8b4
5.Nf3g5 Bb4xc3
6.bxc3 O-O
7.d3 d6
8.Bc1b2 Nc6a5
9.Bc4b3 Na5xb3
10.axb3 h6
11.Ng5f3 Bc8g4
12.h3 Bg4h5
13.g4 Bh5g6
14.Qd1d2 Rf8e8
15.Qd2e3 d5
16.d4 exd4
17.Nf3xd4 Re8xe4
18.O-O-O Re4xe3
19.fxe3 Nf6e4
20.Nd4f5 Bg6xf5
21.gxf5 Ne4f2
22.Rh1g1 Qd8h4
23.Rd1xd5 Qh4xh3
24.c4 Qh3xe3
25.Kb1 Nf2e4
26.Rg1xg7 Kf8
27.Rg7h7 Ne4c3
28.Bb2xc3 Qe3xc3
29.Rd5d7 Qc3e1
30.Kb2 Qe1e5
31.Ka3 Qe5xf5
32.Rh7h8 Kg7
33.Rd7xf7 Qf5xf7
34.Rh8xa8 Qf7e7
35.Kb2 a6
36.Ra8a7 c5
37.Ka3 Qe7c7
38.Ka4 h5
39.Ra7a8 b5
40.cxb5 axb5
41.Kxb5 Qc7b7
42.Kxc5 Qb7xa8
43.c4 Kf6
44.b4 Ke6
45.b5 Ke5
46.b6 Qa8b7
47.Kb5 Kd4
48.c5 Kd5
49.Kb4 Qb7a6
50.Kc3 Kxc5
51.b7 Qa6xb7
52.Kc2 Kc4
53.Kd2 Qb7g2
54.Ke3 Qg2g4
55.Kf2 Kd3
56.Kf1 Ke3
57.Ke1 Qg4e2
0-1

[Event "Défi"]
[Site "www.echecsemail.com"]
[Date "2026.01.12"]
[Round "1"]
[White "Vvvv"]
[Black "Midas"]
[WhiteElo "1650"]
[BlackElo "1660"]
[Result "1-0"]
1.e4 e5
2.Ng1f3 Ng8f6
3.Nb1c3 Bf8b4
4.Nf3xe5 Bb4xc3
5.bxc3 Nf6xe4
6.Ne5xf7 Kxf7
7.Qd1h5 Kf8
8.Qh5f5 Ne4f6
9.Bf1e2 d6
10.Qf5f4 Nb8d7
11.O-O Kf7
12.Be2c4 Kf8
13.Rf1e1 b6
14.Bc1a3 g6
15.Re1e6 Kg7
16.Ra1e1 Rh8f8
17.Re6e7 Kh8
18.Bc4f7 Bc8b7
19.Re1e6 Bb7d5
20.Re7xd7 Qd8xd7
21.Qf4xf6 1-0

[Event "Défi( 10J+24H/c 10J Max )"]
[Site "www.echecsemail.com"]
[Date "2026.01.12"]
[Round "1"]
[White "Ephixe"]
[Black "Vb83"]
[WhiteElo "1800"]
[BlackElo "1460"]
[Result "1-0"]
1.d4 d5
2.c4 e6
3.Nb1c3 Bf8b4
4.Bc1f4 Nb8a6
5.e3 Ng8f6
6.Bf1d3 O-O
7.Bf4g5 h6
8.Bg5h4 Rf8e8
9.Ng1f3 Bb4e7
10.Bd3c2 dxc4
11.b3 cxb3
12.axb3 Na6b4
13.Bc2b1 b6
14.Ra1a4 Nb4d5
15.Qd1d3 Nd5xc3
16.Qd3xc3 Nf6e4
17.Qc3d3 Bc8b7
18.Bh4xe7 Qd8xe7
19.Nf3d2 Ne4xd2
20.Qd3h7 Kf8
21.Qh7h8 1-0

[Event "Tournoi échelle"]
[Site "www.echecsemail.com"]
[Date "2026.01.12"]
[Round "1"]
[White "Elghribi"]
[Black "Eldiablo90"]
[WhiteElo "1940"]
[BlackElo "2790"]
[Result "0-1"]
1.e4 e6
2.d4 d5
3.e5 c5
4.c3 Nb8c6
5.Bf1b5 Qd8a5
6.Qd1a4 Qa5xa4
7.Bb5xa4 Ng8e7
8.dxc5 Ne7g6
9.f4 Bf8xc5
10.Ng1f3 f6
11.exf6 gxf6
12.Nf3d4 Bc8d7
13.Nd4xc6 bxc6
14.g3 h5
15.Ba4c2 Kf7
16.h4 e5
17.Rh1f1 Ra8e8
18.f5 Ng6e7
19.Nb1d2 Re8g8
20.Nd2b3 Bc5b6
21.Bc1d2 Rg8xg3
22.Ke2 Rg3g2
23.Kf3 Rh8g8
{ abandon }0-1

[Event "Coupe Niveau 3"]
[Site "www.echecsemail.com"]
[Date "2026.01.12"]
[Round "1"]
[White "Katastrofic"]
[Black "Verson"]
[WhiteElo "1450"]
[BlackElo "1900"]
[Result "0-1"]
1.e4 e6
2.Bf1c4 d5
3.exd5 exd5
4.Bc4b3 Ng8f6
5.d4 Bf8d6
6.h3 O-O
7.Ng1f3 c6
8.O-O Bc8f5
9.c3 Nb8d7
10.Bc1e3 Rf8e8
11.Bb3c2 Bf5xc2
12.Qd1xc2 h6
13.a3 Nd7f8
14.b4 Nf8g6
15.Qc2c1 Qd8c7
16.Nb1d2 Nf6e4
17.Nd2xe4 Re8xe4
18.Rf1e1 Ra8e8
19.Ra1a2 Bd6f4
20.Ra2e2 Bf4d6
21.Qc1d1 Ng6f4
22.Be3xf4 Bd6xf4
23.Nf3e5 Re4xe2
24.Re1xe2 Bf4xe5
25.dxe5 Re8xe5
26.Re2xe5 Qc7xe5
27.Qd1e1 Qe5xe1
{ abandon }0-1

[Event "Défi"]
[Site "www.echecsemail.com"]
[Date "2026.01.12"]
[Round "1"]
[White "Wenoketo"]
[Black "Gilberthellemans"]
[WhiteElo "1640"]
[BlackElo "1630"]
[Result "1-0"]
1.d4 d5
2.Ng1f3 Ng8f6
3.Bc1f4 Bc8f5
4.Nb1d2 e6
5.h3 Bf8b4
6.c3 Bb4d6
7.Bf4xd6 cxd6
8.e3 O-O
9.Bf1e2 Qd8b6
10.b4 Nb8c6
11.O-O e5
12.a4 Nf6e4
13.Nd2xe4 Bf5xe4
14.a5 Qb6d8
15.Nf3d2 exd4
16.exd4 Qd8g5
17.Nd2f3 Qg5h6
18.Be2d3 Rf8e8
19.Qd1c2 Be4xf3
20.gxf3 Qh6xh3
21.Bd3f5 Qh3h6
22.Kg2 Qh6g5
23.Kh2 Qg5h6
24.Kg2 Nc6e7
25.Bf5d3 Ne7g6
26.Bd3xg6 hxg6
27.Rf1h1 Qh6g5
28.Kf1 Qg5f4
29.Qc2d1 Qf4xf3
30.Qd1xf3 { abandon }1-0